| 000 | 00516nam a22001577a 4500 | ||
|---|---|---|---|
| 020 | _qHard Cover. | ||
| 100 | _aSaleh, Saad | ||
| 245 |
_aCapacity Analysis of IPTV over IEEE 802.11n / _cSaad Saleh. |
||
| 260 |
_aIslamabad: _bSEECS - NUST, _c2013. |
||
| 300 |
_axi, 56 p. : ill. ; _c30cm. |
||
| 650 |
_aMs Thesis. _918721 |
||
| 700 |
_aDr. Zawar Hussain Shah. _919629 |
||
| 856 | _uhttp://10.250.8.41:8080/xmlui/handle/123456789/8570 | ||
| 942 |
_2ddc _cTHE |
||
| 999 |
_c528084 _d528084 |
||